000
00303nam a22001217a 4500
003
SGT
082
_a
920
_b
R21Y
100
_a
यायावर, भारत
245
_a
रेणु :एक जीवनी
260
_b
सेतु प्रकाशन
_c
2021
300
_a
428
942
_2
ddc
_c
BK
999
_c
32005
_d
32005